| 000 | 00385cam a22001331 4500 | ||
|---|---|---|---|
| 082 |
_a691 _bZAH _cL-14,P57 |
||
| 100 | 1 |
_aSyed, Zahir Haider. _926913 |
|
| 245 | 0 | 0 | _aMaterials of construction, |
| 260 |
_a[Karachi] _bOxford University Press, _c1955. |
||
| 300 |
_a311 p. _billus. _c25 cm. |
||
| 526 |
_a0 _b0 _c0 _d691_000000000000000_ZAH |
||
| 650 | 0 | _aBuilding materials. | |
| 942 |
_2ddc _cBK |
||
| 999 |
_c553993 _d553993 |
||